000 00369nam a22001697a 4500
005 20260402102125.0
008 160627b xxu||||| |||| 00| 0 eng d
020 _a81-297-0570-2
041 _aeng
082 _b658.8
100 _aAsacker, Tom
_92187
245 _aSandbox Wisdom
260 _bPearson
_c2004
300 _a119
650 _aManagement
942 _cBK
999 _c4240
_d4239